000
00183 a2200097 4500
020
_a
9780822531807
041
_a
spa
100
_a
Robin Nelson
245
_a
Ser responsable
942
_c
BK
999
_c
6074
_d
6074